|
LDR
| 01147nam a22002657ib4500 |
|---|
| 001 | 45696 |
|---|
| 003 | CZ-PrJAB |
|---|
| 005 | 20120711094529.1 |
|---|
| 008 | 921110s1989 xr |||||| ||||| |||||c |
|---|
| 035 | | . |
‡a(ItRI)IT\ICCU\UMC\0039135 |
|---|
| 040 | | . |
‡bita |
|---|
| 041 | | 7. |
‡alat
‡acze
‡2ISO-639-2 |
|---|
| 100 | 1 | . |
‡aKomenský, Jan Amos
‡0IT\ICCU\RAVV\043002
‡4aut |
|---|
| 245 | 1 | 5. |
‡a9.1: Historia profana ; Historia o tezkych protivenstvich ; Historia persecutionum. |
|---|
| 260 | | . |
‡aPraha :
‡bAcademia,
‡c1989 |
|---|
| 300 | | . |
‡a480 p., 24 p. di tav. ;
‡c25 cm. |
|---|
| 773 | 0 | . |
‡wIT\ICCU\UMC\0039067
‡tJohannis Amos Comenii opera omnia
‡g9
‡aKomenský, Jan Amos
‡0IT\ICCU\RAVV\043002 |
|---|
| 790 | 1 | . |
‡aComenio, Amos
‡3IT\ICCU\CFIV\127586
‡zKomenský, Jan Amos |
|---|
| 790 | 1 | . |
‡aComenius, Johann Amos
‡3IT\ICCU\CFIV\138185
‡zKomenský, Jan Amos |
|---|
| 790 | 1 | . |
‡aComenio, Jan Amos
‡3IT\ICCU\CFIV\183995
‡zKomenský, Jan Amos |
|---|
| 790 | 0 | . |
‡aComenio
‡3IT\ICCU\RAVV\043003
‡zKomenský, Jan Amos |
|---|
| 790 | 0 | . |
‡aComenius
‡3IT\ICCU\RAVV\043004
‡zKomenský, Jan Amos |
|---|
| 790 | 1 | . |
‡aComenius, John
‡3IT\ICCU\SBNV\060245
‡zKomenský, Jan Amos |
|---|
| 790 | 1 | . |
‡aComenius, Jean Amos
‡3IT\ICCU\SBNV\060246
‡zKomenský, Jan Amos |
|---|
| 981 | | 1. |
‡6z01
‡ai
‡bxxxe |
|---|
| 982 | | 1. |
‡6z01
‡an |
|---|
| 901 | | . |
‡a45696
‡b
‡c45696
‡tbiblio |
|---|